书目信息 |
| 题名: |
科技参考工具书综览
|
|
| 作者: | 梁思睿 , 刘克俊 , 王彭 编 | |
| 分册: | 下册 | |
| 出版信息: | 北京 书目文献出版社 1987 |
|
| 页数: | 241-605页 | |
| 开本: | 26cm | |
| 丛书名: | ||
| 单 册: | ||
| 中图分类: | Z88:N6 , N6 | |
| 科图分类: | ||
| 主题词: | 科学技术-工具书--简介 , 工具书-科学技术--简介 , 科学技术--参考目录 , 自然科学--工具书 | |
| 电子资源: | ||
| ISBN: | 7-5013-0334-7 | |
| 000 | 00845nam0 2200301 45 | |
| 001 | 0187007738 | |
| 005 | 20040923144713.5 | |
| 010 | @a7-5013-0334-7@dCNY8.30 | |
| 100 | @a19900912d1987 emky0chiy0121 ea | |
| 101 | 0 | @achi |
| 102 | @aCN@b110000 | |
| 105 | @ay b 001yy | |
| 106 | @ar | |
| 200 | 10 | @a科技参考工具书综览@Ake ji can kao gong ju shu zong lan@f梁思睿等编@h下册 |
| 210 | @a北京@c书目文献出版社@d1987 | |
| 215 | @a241-605页@d26cm | |
| 606 | @a科学技术-工具书@x简介 | |
| 606 | @a工具书-科学技术@x简介 | |
| 606 | @a科学技术@x参考目录 | |
| 606 | 0 | @a自然科学@x工具书 |
| 690 | @aZ88:N6@v3 | |
| 690 | @aN6 | |
| 701 | 0 | @a梁思睿@Aliang si rui@4编 |
| 701 | 0 | @a刘克俊@Aliu ke jun@4编 |
| 701 | 0 | @a王彭@Awang peng@4编 |
| 801 | 0 | @aCN@b深圳图书馆@c20040923 |
| 801 | 2 | @aCN@bNLC@c20040923 |
| 905 | @f1@b201969@dN6@e40:2 | |
| 科技参考工具书综览/梁思睿等编.下册.-北京:书目文献出版社,1987 |
| 241-605页;26cm |
| ISBN 7-5013-0334-7:CNY8.30 |
| ● |
| 相关链接 |
|
|
|
|
正题名:科技参考工具书综览
索取号:N6/40:2
 
预约/预借
| 序号 | 登录号 | 条形码 | 馆藏地/架位号 | 状态 | 备注 |
| 1 | 0201969 | 001962576 | 第三借阅区/ [索取号:N6/40:2] | 在馆 | |
| 2 | 0201970 | 202094410 | 第二样本阅览室/ [索取号:N6/40:2] | 在馆 |